| 000 | nam a22 7a 4500 | ||
|---|---|---|---|
| 999 |
_c44135 _d44135 |
||
| 003 | OSt | ||
| 005 | 20180503152019.0 | ||
| 008 | 180503b xxu||||| |||| 00| 0 eng d | ||
| 040 | _cIIMT UNIVERSITY,MEERUT | ||
| 050 |
_a540.40256RAO _b315 |
||
| 082 |
_22ND _a540.40256RAO _b315 |
||
| 100 | _aRAO, B V N | ||
| 245 | _aMODERN PHYSICS | ||
| 260 |
_aDELHI _bNEW AGE _c2009 |
||
| 300 | _b2ND ED. 606 P.P | ||
| 760 | _b2ND | ||
| 856 | _3PAPERBACK | ||
| 887 | _2ACCESSION REGISTER | ||
| 942 |
_2ddc _c01 _e2ND ED. _hTITLE _iBOOK _k540.40256RAO _m540.40256RAO |
||